<?xml version="1.0" encoding="UTF-8"?><?xml-stylesheet type="text/xsl" href="static/style.xsl"?><OAI-PMH xmlns="http://www.openarchives.org/OAI/2.0/" xmlns:xsi="http://www.w3.org/2001/XMLSchema-instance" xsi:schemaLocation="http://www.openarchives.org/OAI/2.0/ http://www.openarchives.org/OAI/2.0/OAI-PMH.xsd"><responseDate>2026-04-13T04:03:10Z</responseDate><request verb="GetRecord" identifier="oai:www.recercat.cat:2099.1/11600" metadataPrefix="marc">https://recercat.cat/oai/request</request><GetRecord><record><header><identifier>oai:recercat.cat:2099.1/11600</identifier><datestamp>2025-07-22T22:44:01Z</datestamp><setSpec>com_2072_1033</setSpec><setSpec>col_2072_452951</setSpec></header><metadata><record xmlns="http://www.loc.gov/MARC21/slim" xmlns:dcterms="http://purl.org/dc/terms/" xmlns:xsi="http://www.w3.org/2001/XMLSchema-instance" xmlns:doc="http://www.lyncode.com/xoai" xsi:schemaLocation="http://www.loc.gov/MARC21/slim http://www.loc.gov/standards/marcxml/schema/MARC21slim.xsd">
   <leader>00925njm 22002777a 4500</leader>
   <datafield ind2=" " ind1=" " tag="042">
      <subfield code="a">dc</subfield>
   </datafield>
   <datafield ind2=" " ind1=" " tag="720">
      <subfield code="a">Solans Batlle, Daniel</subfield>
      <subfield code="e">author</subfield>
   </datafield>
   <datafield ind2=" " ind1=" " tag="260">
      <subfield code="c">2011-03-15</subfield>
   </datafield>
   <datafield ind2=" " ind1=" " tag="520">
      <subfield code="a">This project continues the work developed in the previous project "Full engineering of a wireless system for the detection of hits to fencing". It consists of full design of the wireless hits marking console for the sport of fencing in the form of sword, based on the results of previous project. Other related projects have been made in parallel. The aim of all is to create a complete wireless hits detection system for this modality that is functional, reliable, robust and portable, with the aim of approaching the system to the market, allowing the elimination of troublesome cables present in this sport. The resulting system, called Wireless Fencing, is composed of a central console for marking of hits, static device, developed in this project, and two dynamic modules, one for each opponent that communicate by radio frequency. Dynamic devices detect the hits and indicate to the static, which signals. The console is the central part of the system and in addition to being able to synchronize with the dynamics and mark the hits wireless, both simple and double, is backward compatible in two ways. On one hand, allows the connection of swords with cables, i.e., the traditional way and using the available infrastructure in the fencing clubs, without the need of dynamic modules. On the other hand, it can synchronize with dynamic devices to perform a wireless combat and, at the same time, connect it with wires to the traditional consoles in clubs. Thus, static device simulates the behavior of swords in case of hits, so traditional consoles detect and can take advantage of, as they tend to be more complete products. The resulting device of this project is considered suitable for the market, in terms of hardware, being considerably smaller than its predecessor, with less power consumption, more robust and reliable and aesthetically modern and functional.</subfield>
   </datafield>
   <datafield tag="653" ind2=" " ind1=" ">
      <subfield code="a">Electronic circuits</subfield>
   </datafield>
   <datafield tag="653" ind2=" " ind1=" ">
      <subfield code="a">Printed circuits</subfield>
   </datafield>
   <datafield tag="653" ind2=" " ind1=" ">
      <subfield code="a">Wireless communication systems</subfield>
   </datafield>
   <datafield tag="653" ind2=" " ind1=" ">
      <subfield code="a">Electronics Engineering</subfield>
   </datafield>
   <datafield tag="653" ind2=" " ind1=" ">
      <subfield code="a">Wireless Networking</subfield>
   </datafield>
   <datafield tag="653" ind2=" " ind1=" ">
      <subfield code="a">Circuitos electrónicos</subfield>
   </datafield>
   <datafield tag="653" ind2=" " ind1=" ">
      <subfield code="a">Circuitos impresos</subfield>
   </datafield>
   <datafield tag="653" ind2=" " ind1=" ">
      <subfield code="a">Sistemas de comunicaciones inalámbricos</subfield>
   </datafield>
   <datafield tag="653" ind2=" " ind1=" ">
      <subfield code="a">Ingeniería Electrónica</subfield>
   </datafield>
   <datafield tag="653" ind2=" " ind1=" ">
      <subfield code="a">Redes inalámbricas</subfield>
   </datafield>
   <datafield tag="653" ind2=" " ind1=" ">
      <subfield code="a">Circuits electrònics -- Disseny -- PFC</subfield>
   </datafield>
   <datafield tag="653" ind2=" " ind1=" ">
      <subfield code="a">Circuits impresos -- PFC</subfield>
   </datafield>
   <datafield tag="653" ind2=" " ind1=" ">
      <subfield code="a">Comunicació sense fil</subfield>
   </datafield>
   <datafield tag="653" ind2=" " ind1=" ">
      <subfield code="a">Sistemes de -- PFC</subfield>
   </datafield>
   <datafield tag="653" ind2=" " ind1=" ">
      <subfield code="a">Enginyeria electrònica -- PFC</subfield>
   </datafield>
   <datafield tag="653" ind2=" " ind1=" ">
      <subfield code="a">Xarxes sense fils -- Aplicacions -- PFC</subfield>
   </datafield>
   <datafield ind2="0" ind1="0" tag="245">
      <subfield code="a">Disseny i optimització d'un sistema de detecció de tocats sense fil per a l'esport de l'esgrima: mòdul estàtic</subfield>
   </datafield>
   <datafield ind2="0" ind1="0" tag="245">
      <subfield code="a">Design and optimization of a wireless hits detection system for fencing: static module Diseño y optimización de un sistema de detección de tocados inalámbrico para el deporte de la esgrima: módulo estático Disseny i optimització d’un sistema de detecció de tocats sense fils per a l’esport de l’esgrima: mòdul estàtic</subfield>
   </datafield>
</record></metadata></record></GetRecord></OAI-PMH>